000 00495nam a22001817a 4500
003 OSt
005 20160419133404.0
008 160419b xxu||||| |||| 00| 0 eng d
020 _a1893911224
040 _cDDC.
082 _a333.75TAK 2003.
100 _aEdited by Cosmiskey,A.James;[al.....et]
_98069
245 _aThe Biodiversity of an African Rainforest.
260 _aCameron.
_bSmithsonian.
_c2003.
300 _avii,180p;
_bill;
_c29cm.
650 _azoology.
_98070
942 _2ddc
_cSLOAN
999 _c3619
_d3619